1991 1486 1077 1236 1941 1443 1114 1155 1252 1163 1860 1781 1618 1080 1098 1423 1368 1755 1030 1447 1815 1787 1702 1736 1000 1344 1994 1227 1227 1104 1939 1416 1435 1752 1161 1437 1088 1907 1165 1745 1542 1025 1213 1148 1561 1768 1779 1806 1354 1680 1756 1493 1341 1635 1042 1672 1468 1121 1951 1122 1523 1009 1074 1516 1373 1946 1313 1973 1839 1160 1987 1467 1529 1135 1859 1990 1149 1682 1816 1653 1393 1317 1036 1360 1897 1757 1352 1337 1812 1359 1732 1050 1348 1104 1931 1352 1354 1030 1960 BCNSPRNW ULIB Ver.6.0+V

เปลี่ยนเป็นภาษาไทย

Change to English
 แสดงรายละเอียดบรรณานุกรม
  กลับหน้าหลัก

Brief Record : Get Marc (ISO 2709) : E-mail record : QR code < ปิดหน้าต่าง
LEADER : 00000nam 2200000uu 4500
001    13399121923
003     ULIB
008    121213s2550||||th 000 0 tha d
020    ^a9789744820679
060 04 ^aWM400^bส271ก 2550
100 0  ^aสมภพ เรืองตระกูล
245 10 ^aการตั้งครรภ์ :^bโรคทางจิตเวชและการรักษา /^cสมภพ เรืองตระกูล
250    ^aพิมพ์ครั้งที่ 1
260    ^aกรุงเทพฯ :^bคณะแพทยศาสตร์ศิริราชพยาบาล มหาวิทยาลัยมหิดล,^c2550
300    ^a345 หน้า ;^c21 ซม.
440  0 ^aตำราจิตเวชสำหรับแพทย์เวชศาสตร์ครอบครัว ;^vชุดที่ 13
650  7 ^aสตรีมีครรภ์^xแง่จิตวิทยา
650  7 ^aครรภ์
650  7 ^aโรคจิต^xการรักษา
650  7 ^aทารกแรกเกิด^xภาวะแทรกซ้อน
650  7 ^aภาวะแทรกซ้อนขณะมีครรภ์^xการรักษา
653    ^aผลงานอาจารย์คณะแพทยศาสตร์ศิริราชพยาบาล
710 2  ^aมหาวิทยาลัยมหิดล. ^bคณะแพทยศาสตร์ศิริราชพยาบาล
945    ^p350^l0^i15128
995    ^aทศพร
999    ^aทศพร เกษรทอง
รายการนี้ยังไม่มีแท็ก
คุณยังไม่ได้ล็อกอิน คุณสามารถมีกิจกรรมร่วมกับเว็บไซต์ได้ แต่ต้องล็อกอินก่อน ::
  ล็อกอิน

รายการสื่อสารสนเทศ

ลำดับที่ ประเภท เลขเรียก/บาร์โค้ด สถานที่ สถานะ
1. วิทยาศาสตร์การแพทย์ และสุขภาพ
วิทยาศาสตร์การแพทย์ และสุขภาพ
WM400 ส271ก 2550 ฉ.1 
  Barcode: 15128
ห้องสมุดวิทยาเขตสวรรค์ประชารักษ์
►ส่วนจัดเก็บหนังสือเก่า สปร
บนชั้น
  ขอยืม

รายการใกล้เคียง
    ผู้แต่ง [สมภพ เรืองตระกูล]

    หัวเรื่อง [ครรภ์]

BibComment


ยังไม่เคยถูกคอมเมนท์

คอมเมนท์ทรัพยากรรายการนี้
  คอมเมนท์: การตั้งครรภ์ โร..


 Copyright 2026. Bcnsprnw @Library